Fourier series and boundary value problems / (Record no. 189428)

000 -LEADER
fixed length control field 01167 a2200241 4500
003 - CONTROL NUMBER IDENTIFIER
control field NUST
005 - DATE AND TIME OF LATEST TRANSACTION
control field 20221118145835.0
010 ## - LIBRARY OF CONGRESS CONTROL NUMBER
LC control number 2010032734
020 ## - INTERNATIONAL STANDARD BOOK NUMBER
International Standard Book Number 9780078035975
040 ## - CATALOGING SOURCE
Transcribing agency Nust
082 00 - DEWEY DECIMAL CLASSIFICATION NUMBER
Classification number 515.2433,BRO
100 1# - MAIN ENTRY--PERSONAL NAME
Personal name Brown, James Ward.
9 (RLIN) 8852
245 10 - TITLE STATEMENT
Title Fourier series and boundary value problems /
Statement of responsibility, etc. James Ward Brown, Ruel V. Churchill.
250 ## - EDITION STATEMENT
Edition statement 8th ed.
260 ## - PUBLICATION, DISTRIBUTION, ETC.
Place of publication, distribution, etc. New York :
Name of publisher, distributor, etc. McGraw-Hill,
Date of publication, distribution, etc. 2012.
300 ## - PHYSICAL DESCRIPTION
Extent xvi, 400 p. :
Other physical details ill. ;
Dimensions 24 cm.
500 ## - GENERAL NOTE
General note Fourier Series (Page-1), Convergence of Fourier Series (Page-25), Partial Differential Equations of Physics (Page-60), The Fourier Methods (Page-95), Boundary Value Problems (Page-113), Fourier Integrals and Application (Page-161), Orthogonal Sets (Page-189), Sturm Lowville Problems and Application (Page-210), Bessel Function and Application (Page-260), Legendre Polynomials Application (Page-326), Verification of Solution and Uniqueness (Page-362).
650 #0 - SUBJECT ADDED ENTRY--TOPICAL TERM
Topical term or geographic name entry element Boundary value problems.
9 (RLIN) 689
650 #0 - SUBJECT ADDED ENTRY--TOPICAL TERM
Topical term or geographic name entry element Fourier series.
9 (RLIN) 39035
650 #0 - SUBJECT ADDED ENTRY--TOPICAL TERM
Topical term or geographic name entry element Functions, Orthogonal.
9 (RLIN) 103079
700 1# - ADDED ENTRY--PERSONAL NAME
Personal name Churchill, Ruel V.
Dates associated with a name 1899-1987.
9 (RLIN) 103080
942 ## - ADDED ENTRY ELEMENTS (KOHA)
Source of classification or shelving scheme
Koha item type Book
Call number prefix 515.2433,BRO
Holdings
Withdrawn status Lost status Source of classification or shelving scheme Damaged status Not for loan Permanent Location Current Location Shelving location Date acquired Full call number Barcode Date last seen Price effective from Koha item type Public note
          Military College of Signals (MCS) Military College of Signals (MCS) General Stacks 12/12/2016 515.2433,BRO MCS35185 12/08/2016 12/12/2016 Book Almirah No.13, Shelf No.3
© 2023 Central Library, National University of Sciences and Technology. All Rights Reserved.